00594nam a2200181 a 450000100100000000500170001000800410002702000150006804000250008308200150010810000280012324500950015126000320024630000360027849000200031450000580033483000200039200004144820201002034910.0131007s1983 mx a 000 0 spa d a9682414806 aDO-SdBNPbspacBNPHU axxxxbxxxx1 aTorre, Francisco, de la10aAdministración hotelera :bsegundo curso : alimentos y bebidas /cFrancisco de la Torre. aMéxico :bTrillas,c1983. a243 p. :bil., retrs. ;c25 cm.1 aTrillas turismo aLa biblioteca posee el primera reimpresión del 1984 0aTrillas turismo